| 000 | 01922cam a22004814i 4500 | ||
|---|---|---|---|
| 003 | PE-LiUPU | ||
| 005 | 20250731173116.0 | ||
| 008 | 190716s2006 bl a r 000 0 ptg d | ||
| 020 | _a8534509603 | ||
| 020 | _a9788534509602 | ||
| 035 | _a(Sirsi) a252313 | ||
| 040 |
_aPE-LiUPU _bspa _cPE-LiUPU _erda |
||
| 049 | _aPRUA | ||
| 082 | 0 | 4 |
_a261.52 _bB74 _221 |
| 100 | 1 |
_aBorges, Michelson, _eautor. |
|
| 245 | 0 | 4 |
_aNos bastidores da mídia : _bcomo os meios de comunicação afetam a mente / _cMichelson Borges. |
| 250 | _a1a edición. | ||
| 264 | 1 |
_aSão Paulo : _bCasa Publicadora Brasileira, _c2006. |
|
| 300 |
_a176 páginas : _bilustraciones ; _c20 centímetros |
||
| 336 |
_atext _2rdacontent |
||
| 337 |
_aunmediated _2rdamedia |
||
| 338 |
_avolume _2rdacarrier |
||
| 505 | 0 | _aAbrem-se as cortinas -- guerra ideologíca -- mídia manipuladora -- mensagens subliminares -- televisão-uma janela indiscreta -- o poder da música -- histórias em puadrihos -- o cinema e a religião de hollywood -- desenhos animados -- videogames e RPGs -- mundo erotizado o segredo da vitória -- figurino adequado -- o ato final -- perguntas para discussao. | |
| 526 | _aSEG42 | ||
| 526 | _aSEG41 | ||
| 526 | _aSEG40 | ||
| 526 | _aSEG39 | ||
| 526 | _aP94 | ||
| 526 | _aP87 | ||
| 526 | _aP86 | ||
| 526 | _aP85 | ||
| 526 | _aP77 | ||
| 526 | _aP76 | ||
| 526 | _aP35 | ||
| 650 | 0 | 7 |
_aComunicación _xAspectos morales y éticos. |
| 650 | 0 | 4 |
_aMedios de comunicación _xAspectos morales y éticos. |
| 910 |
_adbm _bksl _cksl _d20190716 |
||
| 942 |
_2ddc _cBOOK |
||
| 994 |
_aC0 _bPEPRU |
||
| 596 | _a1 | ||
| 999 |
_a261.52 B74 _wLC _c31541 _i80290 _f2021-11-8 _g3 _lCCODEBUL1 _mBUL _p15.00 _r0 _sY _tBOOK _u2019-7-16 _xEDUCACION _PP20 _0COMPRA _o.STAFF. Colección Ciencias Humanas y Educación _d31541 |
||
| 980 |
_81 _gALBERTO SANCHEZ Responsable de Automatización |
||